Statistics for Elements of the Periodic Table 21-40

Click here to take the quiz!

General Stats

  • This quiz has been taken 45 times
  • The average score is 16 of 20

Answer Stats

Answer% Correct
Co27Cobalt
100%
Ni28Nickel
100%
Ti22Titanium
100%
Zn30Zinc
100%
Fe26Iron
94%
Cr24Chromium
88%
Cu29Copper
88%
Kr36Krypton
88%
Mn25Manganese
81%
V23Vanadium
81%
Y39Yttrium
81%
Br35Bromine
75%
Ga31Gallium
75%
Ge32Germanium
69%
Sc21Scandium
69%
Rb37Rubidium
63%
Se34Selenium
63%
As33Arsenic
56%
Sr38Strontium
56%
Zr40Zirconium
56%

Score Distribution

Percentile by Number Answered

Percent of People with Each Score

Your Score History

You have not taken this quiz